|
|
|
|
| LEADER |
00689nam a2200217Ia 4500 |
| 001 |
CTU_109893 |
| 008 |
210402s9999 xx 000 0 und d |
| 082 |
|
|
|a 327.520598
|
| 082 |
|
|
|b N725
|
| 100 |
|
|
|a Nishihara, Masashi
|
| 245 |
|
4 |
|a The Japanese and Sukarno’s Indonesia :
|
| 245 |
|
0 |
|b Tokyo-Jakarta relations, 1951-1966
|
| 245 |
|
0 |
|c Masashi Nishihara
|
| 260 |
|
|
|a Honolulu
|
| 260 |
|
|
|b University Press of Hawaii
|
| 260 |
|
|
|c 1976
|
| 650 |
|
|
|a Japan,Indonesia,Japan
|
| 650 |
|
|
|x Foreign relations,Foreign relations,Foreign economic relations
|
| 650 |
|
|
|z Indonesia,Japan,Indonesia
|
| 904 |
|
|
|i Năm, Q. Hieu
|
| 980 |
|
|
|a Trung tâm Học liệu Trường Đại học Cần Thơ
|